[Event "GER-ch U25-B"]
[Site "Willingen"]
[Date "2019.06.10"]
[Round "3"]
[White "Sperling, Niclas"]
[Black "Braeutigam, Alexander"]
[Result "0-1"]
[WhiteElo "1720"]
[BlackElo "1396"]
[PlyCount "120"]
[EventDate "2019.06.08"]
[EventType "swiss"]
[EventRounds "9"]
[EventCountry "GER"]
[SourceTitle "CBM 191 Extra"]
[Source "ChessBase"]
[SourceDate "2019.09.30"]
[SourceVersion "1"]
[SourceVersionDate "2019.09.30"]
[SourceQuality "1"]

1. e4 c5 2. Nf3 d6 3. d4 cxd4 4. Nxd4 Nf6 5. Nc3 a6 6. Be2 Bd7 7. 0-0 g6 8. Be3 Bg7 9. f4 Nc6 10. Kh1 Qc8 11. Qd2 0-0 12. Rae1 Bg4 13. Bg1 Rd8 14. Bxg4 Nxg4 15. Nd5 Bxd4 16. Bxd4 Qb8 17. Bc3 b5 18. h3 b4 19. Nxb4 Nxb4 20. Bxb4 Nf6 21. Bc3 Qb5 22. Rf3 d5 23. Rd3 Rac8 24. e5 Ne8 25. Rd1 e6 26. Rd4 Rc4 27. Rxc4 Qxc4 28. a3 Rc8 29. Qf2 Nc7 30. Rd4 Qc5 31. Bb4 Qc6 32. Rd3 Nb5 33. c3 Qc4 34. Rd2 Qc6 35. Be7 Qe8 36. Qh4 Rc7 37. Bf6 Rb7 38. Bg5 a5 39. Bh6 Qe7 40. Qxe7 Rxe7 41. a4 Na7 42. b4 Rc7 43. b5 Nc8 44. Rb2 Nb6 45. Rb3 Rd7 46. Kg1 Rc7 47. Kf2 f5 48. exf6 Rc4 49. Ke3 Rxa4 50. Kd3 Kf7 51. Bg5 Rc4 52. g3 a4 53. Rb1 a3 54. Kc2 Na4 55. Kb3 Nxc3 56. b6 Nxb1 57. b7 Nd2+ 58. Kxa3 Rc3+ 59. Ka4 Rb3 60. f5 gxf5 0-1

[Event "GER-ch U25-B"]
[Site "Willingen"]
[Date "2019.06.09"]
[Round "2"]
[White "Maul, Maik Joel"]
[Black "Sperling, Niclas"]
[Result "1-0"]
[WhiteElo "1590"]
[BlackElo "1720"]
[PlyCount "117"]
[EventDate "2019.06.08"]
[EventType "swiss"]
[EventRounds "9"]
[EventCountry "GER"]
[SourceTitle "CBM 191 Extra"]
[Source "ChessBase"]
[SourceDate "2019.09.30"]
[SourceVersion "1"]
[SourceVersionDate "2019.09.30"]
[SourceQuality "1"]

1. d4 Nf6 2. Bf4 g6 3. Nc3 Bg7 4. e4 d6 5. Qd2 0-0 6. h4 Nh5 7. Bg5 f6 8. Bh6 e5 9. Bc4+ Kh8 10. Bxg7+ Kxg7 11. 0-0-0 a6 12. Be2 Nf4 13. g3 Nxe2+ 14. Ngxe2 Bg4 15. f4 Nc6 16. Rdf1 f5 17. d5 Ne7 18. Qe3 Qd7 19. fxe5 dxe5 20. exf5 Rxf5 21. Qe4 Bxe2 22. Rxf5 Qxf5 23. Qxe2 Rf8 24. h5 Qg5+ 25. Kb1 Qxg3 26. hxg6 hxg6 27. Ne4 Qf3 28. Qxf3 Rxf3 29. Ng5 Rf5 30. Ne6+ Kf6 31. Nxc7 Nc8 32. c4 Ke7 33. Rh8 Kd7 34. Ne6 Nd6 35. c5 Nf7 36. Rb8 Ke7 37. Rxb7+ Kf6 38. c6 e4 39. Rxf7+ Kxf7 40. c7 Rxd5 41. c8Q e3 42. Nc7 Re5 43. Qd7+ Kf6 44. Nd5+ Kg5 45. Nxe3 Rxe3 46. Qd5+ Kf4 47. Qd4+ Re4 48. Qf2+ Kg5 49. Kc2 Kh5 50. Kd3 Rg4 51. Qf6 Rg3+ 52. Kc2 g5 53. Qxa6 Kg4 54. b4 Kh3 55. b5 Rg2+ 56. Kb3 Kh2 57. b6 g4 58. b7 Rg1 59. b8Q+ 1-0

[Event "Berlin Spandau op"]
[Site "Berlin"]
[Date "2018.12.27"]
[Round "1"]
[White "Hansch, Karsten"]
[Black "Sperling, Niclas"]
[Result "1-0"]
[WhiteElo "2286"]
[BlackElo "1682"]
[PlyCount "99"]
[EventDate "2018.12.27"]
[EventType "swiss"]
[EventRounds "7"]
[EventCountry "GER"]
[SourceTitle "CBM 188 Extra"]
[Source "ChessBase"]
[SourceDate "2019.02.28"]
[SourceVersion "1"]
[SourceVersionDate "2019.02.28"]
[SourceQuality "1"]

1. c4 c5 2. g3 Nf6 3. Bg2 g6 4. Nc3 Nc6 5. Nf3 Bg7 6. d4 cxd4 7. Nxd4 0-0 8. 0-0 Nxd4 9. Qxd4 d6 10. Qd3 Nd7 11. Be3 Nb6 12. b3 Bf5 13. Qd2 Qd7 14. Rac1 Bh3 15. Bxh3 Qxh3 16. Bxb6 Bxc3 17. Rxc3 axb6 18. a4 Ra5 19. f3 Qf5 20. Rd1 Rc8 21. Rd3 Qe6 22. e4 Rf8 23. Rd5 Rc5 24. Re1 Rxd5 25. exd5 Qd7 26. Qe3 Re8 27. Qxb6 e5 28. dxe6 Rxe6 29. Rxe6 fxe6 30. Qd4 Qc6 31. Kg2 Kf7 32. Qh8 h5 33. Qh7+ Kf6 34. Qg8 g5 35. Qh8+ Kg6 36. Qd4 Kf7 37. Kf2 b6 38. Qe3 Kf6 39. h4 gxh4 40. gxh4 Qc5 41. Qxc5 dxc5 42. Ke3 Ke5 43. f4+ Kd6 44. Ke4 Kd7 45. Ke5 Ke7 46. f5 exf5 47. Kxf5 Kd7 48. Ke5 Ke7 49. Kd5 Kd7 50. a5 1-0

[Event "GER-ch U14"]
[Site "Willingen"]
[Date "2018.05.23"]
[Round "6"]
[White "Sperling, Niclas"]
[Black "Bornholdt, Joa Max"]
[Result "1/2-1/2"]
[WhiteElo "1790"]
[BlackElo "1731"]
[PlyCount "100"]
[EventDate "2018.05.19"]
[EventType "swiss"]
[EventRounds "9"]
[EventCountry "GER"]
[SourceTitle "CBM 184 Extra"]
[Source "ChessBase"]
[SourceDate "2018.06.28"]
[SourceVersion "1"]
[SourceVersionDate "2018.06.28"]
[SourceQuality "1"]

1. e4 c6 2. d4 g6 3. Nc3 d5 4. Nf3 dxe4 5. Nxe4 Bg7 6. Bc4 Nh6 7. 0-0 Nf5 8. c3 0-0 9. a4 a5 10. Qe2 Na6 11. Rd1 Nc7 12. Nc5 Nd6 13. Ba2 Nd5 14. Bg5 Re8 15. Nd3 h6 16. Bh4 Nf5 17. Bg3 Nxg3 18. hxg3 Bf5 19. Nh4 Bd7 20. Nc5 b6 21. Nxd7 Qxd7 22. Nf3 Qb7 23. Ne5 b5 24. Bxd5 cxd5 25. Qxb5 Qxb5 26. axb5 Reb8 27. Nc6 Rxb5 28. Nxe7+ Kf8 29. Nc6 Rxb2 30. Rxa5 Rxa5 31. Nxa5 Rc2 32. Rd3 Ke7 33. Nc6+ Kd6 34. Nb4 Rc1+ 35. Kh2 f5 36. Rf3 Bh8 37. g4 f4 38. Rxf4 Rxc3 39. Rf8 Bxd4 40. Rd8+ Ke7 41. Rxd5 Bxf2 42. Rd3 Rc4 43. Nd5+ Ke6 44. Rd2 Bh4 45. Kh3 Bg5 46. Rd3 Ke5 47. Nc3 Bf6 48. Ne2 Re4 49. Ng1 Kf4 50. Nf3 Re6 1/2-1/2

[Event "GER-ch U14"]
[Site "Willingen"]
[Date "2018.05.20"]
[Round "2"]
[White "Popist, Florian"]
[Black "Sperling, Niclas"]
[Result "1-0"]
[WhiteElo "1894"]
[BlackElo "1790"]
[PlyCount "99"]
[EventDate "2018.05.19"]
[EventType "swiss"]
[EventRounds "9"]
[EventCountry "GER"]
[SourceTitle "CBM 184 Extra"]
[Source "ChessBase"]
[SourceDate "2018.06.28"]
[SourceVersion "1"]
[SourceVersionDate "2018.06.28"]
[SourceQuality "1"]

1. e4 c5 2. Nf3 g6 3. d4 cxd4 4. Nxd4 Nf6 5. Nc3 d6 6. Be2 Bg7 7. Be3 Nc6 8. 0-0 0-0 9. Kh1 Bd7 10. Nb3 Rc8 11. f4 a6 12. a4 Be6 13. Nd4 Bd7 14. Bf3 Na5 15. Be2 Nc4 16. Bxc4 Rxc4 17. Qd3 Ng4 18. Bg1 Rb4 19. b3 e6 20. h3 Qf6 21. Nde2 Rc8 22. Na2 Rxe4 23. Qxe4 Bc6 24. Qd3 Qh4 25. Qg3 Qxg3 26. Nxg3 Bxa1 27. Rxa1 Nf6 28. Nb4 Be8 29. c4 a5 30. Nd3 d5 31. Ne5 Nd7 32. Nxd7 Bxd7 33. c5 Bc6 34. Bd4 Kf8 35. Re1 Rd8 36. Kg1 Ke7 37. f5 Rf8 38. f6+ Kd7 39. Nf1 Ra8 40. Nd2 Ke8 41. Nf3 Kf8 42. Kf2 Kg8 43. Ne5 Be8 44. Ng4 Ra6 45. Nh6+ Kf8 46. Be5 Bd7 47. Bd6+ Ke8 48. Ng4 Bc6 49. Rxe6+ fxe6 50. Ne5 1-0